Comparison of urban heat island effect using ground-based and satellite measurements

Human settlements (especially large urban areas) significantly modify the environment. One of the most often analyzed phenomena related to cities is the urban heat island (UHI) effect. In this paper, UHI intensity is compared using two different approach, namely, (i) satellite-based and remotely sen...

Teljes leírás

Elmentve itt :
Bibliográfiai részletek
Szerzők: Bartholy Judit
Pongrácz Rita
Lelovics Enikő
Dezső Zsuzsa
Dokumentumtípus: Cikk
Megjelent: 2009
Sorozat:Acta climatologica 42-43
Kulcsszavak:Hőmérséklet - mérés
Tárgyszavak:
Online Access:http://acta.bibl.u-szeged.hu/16915
LEADER 01625nab a2200253 i 4500
001 acta16915
005 20220510150519.0
008 161015s2009 hu o 0|| eng d
022 |a 0563-0614 
040 |a SZTE Egyetemi Kiadványok Repozitórium  |b hun 
041 |a eng 
100 1 |a Bartholy Judit 
245 1 0 |a Comparison of urban heat island effect using ground-based and satellite measurements  |h [elektronikus dokumentum] /  |c  Bartholy Judit 
260 |c 2009 
300 |a 7-15 
490 0 |a Acta climatologica  |v 42-43 
520 3 |a Human settlements (especially large urban areas) significantly modify the environment. One of the most often analyzed phenomena related to cities is the urban heat island (UHI) effect. In this paper, UHI intensity is compared using two different approach, namely, (i) satellite-based and remotely sensed surface temperature, and (ii) ground-based air temperature measurements using a moving vehicle. The analysis includes a comparison of annual and seasonal spatial structures, cross sections, as well as mean intensity values. Results suggest that the structures of UHI are similar using different techniques for both Debrecen and Szeged. However, the annual mean satellite-based UHI is more intense than the one calculated using mobile measurements. 
650 4 |a Természettudományok 
650 4 |a Föld- és kapcsolódó környezettudományok 
695 |a Hőmérséklet - mérés 
700 0 1 |a Pongrácz Rita  |e aut 
700 0 1 |a Lelovics Enikő  |e aut 
700 0 1 |a Dezső Zsuzsa  |e aut 
856 4 0 |u http://acta.bibl.u-szeged.hu/16915/1/climatologica_042_043_007-015.pdf  |z Dokumentum-elérés